000 00503nam a22001457a 4500
005 20260420113700.0
008 260420b |||||||| |||| 00| 0 eng d
050 _aRES HD 5660 .K46 088 O88 2017
_bC. 1
100 _aOSUMBA, VIOLET AWUOR
245 _aAN EVALUATION OF THE EFFECTS OF THE EMPLOYEES PARTICIPATION IN DECISION MAKING PROCESS IN PUBLIC ENTITIES: A CASE OF KISII COUNTY ASSEMBLY .
260 _aKISII
_bKSU
_c2017
300 _aiX,38P.
500 _aINCLUDES REFERENCES
942 _2lcc
_cREF
999 _c217014
_d217014